[Event "GER-ch U12"]
[Site "Willingen"]
[Date "2005.05.20"]
[Round "10"]
[White "Tantzen, Cedric"]
[Black "Kammrad, Caroline"]
[Result "1-0"]
[WhiteElo "1538"]
[BlackElo "1385"]
[PlyCount "105"]
[EventDate "2005.05.14"]
[EventType "swiss"]
[EventRounds "11"]
[EventCountry "GER"]
[SourceTitle "CBM 106 Extra"]
[Source "ChessBase"]
[SourceDate "2005.07.01"]
[SourceVersion "1"]
[SourceVersionDate "2005.07.01"]
[SourceQuality "1"]

1. e4 c5 2. Nf3 Nc6 3. d4 cxd4 4. Nxd4 e5 5. Nf3 d6 6. h3 Be6 7. Nc3 Nge7 8. Bb5 a6 9. Ba4 b5 10. Bb3 Ng6 11. 0-0 Be7 12. Bd5 Rc8 13. Be3 0-0 14. Qd2 Qd7 15. Bxe6 fxe6 16. Rad1 Qc7 17. a3 Na5 18. Qc1 Nc4 19. Bd2 Nxd2 20. Qxd2 Nf4 21. Rc1 Qd8 22. Ne2 Bg5 23. Nxg5 Qxg5 24. Nxf4 exf4 25. Qxd6 Rf6 26. Qd3 Rg6 27. Qf3 Qe5 28. c3 Rf8 29. Rcd1 Qc5 30. Kh1 Rg5 31. Rd4 e5 32. Rd5 Qc4 33. Qd3 Qxd3 34. Rxd3 Rg6 35. Rfd1 Re6 36. Rd6 Rfe8 37. Rxe6 Rxe6 38. Rd5 Kf7 39. b3 Kf6 40. c4 bxc4 41. bxc4 Rc6 42. c5 Ke6 43. Kg1 g5 44. Kf1 h5 45. Ke2 g4 46. hxg4 hxg4 47. Kd3 Kf6 48. Kc4 Ke6 49. Kb4 Kf6 50. Rd6+ Rxd6 51. cxd6 Ke6 52. Kc5 Kd7 53. Kd5 1-0

[Event "GER-ch U12"]
[Site "Willingen"]
[Date "2005.05.15"]
[Round "3"]
[White "Tantzen, Cedric"]
[Black "Lebek, Ricarda"]
[Result "1/2-1/2"]
[WhiteElo "1538"]
[BlackElo "1394"]
[PlyCount "56"]
[EventDate "2005.05.14"]
[EventType "swiss"]
[EventRounds "11"]
[EventCountry "GER"]
[SourceTitle "CBM 106 Extra"]
[Source "ChessBase"]
[SourceDate "2005.07.01"]
[SourceVersion "1"]
[SourceVersionDate "2005.07.01"]
[SourceQuality "1"]

1. e4 e6 2. d4 d5 3. exd5 exd5 4. Bd3 Nc6 5. c3 Bd6 6. Qf3 Be6 7. Bf4 Nge7 8. Bxd6 Qxd6 9. Ne2 0-0-0 10. Qg3 Qxg3 11. Nxg3 Ng6 12. Ne2 Nce7 13. Nd2 Bf5 14. Bxf5+ Nxf5 15. 0-0 Rhe8 16. Ng3 Nxg3 17. fxg3 Re2 18. Rad1 f6 19. Rfe1 Rde8 20. Rxe2 Rxe2 21. Kf1 Re6 22. Re1 Rxe1+ 23. Kxe1 Ne7 24. Ke2 Nf5 25. Kf3 Nd6 26. g4 Kd7 27. Ke3 Ke6 28. Kf4 c6 1/2-1/2

[Event "GER-ch U12"]
[Site "Willingen"]
[Date "2004.05.30"]
[Round "3"]
[White "Tantzen, Cedric"]
[Black "Zuyev, Lisa"]
[Result "1-0"]
[WhiteElo "1266"]
[BlackElo "1028"]
[PlyCount "49"]
[EventDate "2004.06.??"]
[EventType "swiss"]
[EventRounds "11"]
[EventCountry "GER"]
[SourceTitle "EXT 2005"]
[Source "ChessBase"]
[SourceDate "2004.11.15"]
[SourceVersion "1"]
[SourceVersionDate "2004.11.15"]
[SourceQuality "1"]

1. e4 e5 2. Nf3 Nc6 3. Bb5 Nf6 4. Nc3 Bc5 5. d3 h6 6. Bxc6 bxc6 7. Nxe5 0-0 8. 0-0 Re8 9. Nf3 d6 10. h3 d5 11. e5 Nd7 12. d4 Bb6 13. b4 Ba6 14. Re1 Bb7 15. Bb2 a6 16. Na4 Qe7 17. a3 a5 18. Nxb6 cxb6 19. bxa5 Rxa5 20. Qd2 c5 21. Bc3 Raa8 22. dxc5 Qxc5 23. Qd4 Qe7 24. e6 Nc5 25. Qxg7# 1-0